| 000 | 01172nam0a22002531 4500 | ||
|---|---|---|---|
| 001 | rc\501749 | ||
| 005 | 20030616171822.7 | ||
| 035 | _a(NLR Aleph) 005742702 | ||
| 090 |
_a4756001 _c4756001 |
||
| 100 | _a20030616d1988 u |0rusy50 ca | ||
| 101 | 0 | _arus | |
| 102 | _aRU | ||
| 105 | _aa ||||||||| | ||
| 200 | 1 |
_aВопросы применения полимерных материалов в мелиорации земель _eСб. науч. тр. _fВсесоюз. науч.-произв. об-ние по применению полимер. материалов в мелиорации и вод. хоз-ве (ВНПО "Союзводполимер") _g[Редкол.: С.П. Бистерис (гл. ред.) и др.] |
|
| 210 |
_aЕлгава _cВНПО "Союзводполимер" _d1988 |
||
| 215 |
_a183, 8 с. _cил. _d20 |
||
| 320 | _aБиблиогр. в конце ст. | ||
| 702 | 1 |
_aБистерис _bС. П. _4340 |
|
| 712 | 0 | 2 |
_a"Союзводполимер", науч.-произв. об-ние _cЕлгава _3RU\NLR\AUTH\8810004157 |
| 801 | 0 |
_aRU _bNLR _gpsbo |
|
| 801 | 1 |
_aRU _bELAR _2rusmarc |
|
| 852 |
_aNLR _j88-3/11851 |
||
| 942 | _cBOOK | ||
| 980 | _aNB | ||